| 000 | 01020cam a22003257a 4500 | ||
|---|---|---|---|
| 003 | CHAP | ||
| 005 | 20220329141422.0 | ||
| 008 | 971013s1987 r 00010 d | ||
| 010 | _a67825 | ||
| 011 | _a68797 | ||
| 035 | _a78271 | ||
| 040 | _cCHAP | ||
| 090 | _aFolleto 11435 | ||
| 100 | 0 | 0 |
_aGóngora Arones, Eleuterio. _949971 |
| 245 | 0 |
_aEtnozoología lacandona _b: la herpetotauna de Lacanja Chansayab |
|
| 260 |
_aXalapa, Ver. : _bINIREB, _c[1987?] |
||
| 300 | _a31 p. | ||
| 490 | 0 |
_aCuadernos de divulgación INIREB _v; 31 |
|
| 590 |
_aBATCH-UPD _b10 _c20130110 _lUCH01 _h0729 |
||
| 590 |
_aBATCH-UPD _b10 _c20130410 _lUCH01 _h0413 |
||
| 590 |
_aBATCH-UPD _b10 _c20130914 _lUCH01 _h0546 |
||
| 590 |
_aCONVERSION _b10 _c20130109 _lUCH01 _h1337 |
||
| 650 | 1 | 4 |
_aBatracios. _910813 |
| 650 | 1 | 4 |
_aReptiles. _996036 |
| 650 | 1 | 4 |
_aZoología _xChiapas. _9124163 |
| 830 | 0 |
_aCuadernos de divulgación INIREB _v; 31 _929768 |
|
| 901 | _aBK | ||
| 942 | _cFOLL | ||
| 949 |
_aFolleto 11435 _bBC _cFOLL _d-31145 _eTS1 _i78271 _mD _si |
||
| 999 |
_c67825 _d67825 |
||